Hollywood's Least Valuable Actors - Statistics

General Stats
  • This quiz has been taken 227 times
  • The average score is 2 of 10
Answer Stats
Hint Answer % Correct
10 Sarah Jessica Parker
43%
7 Adam Sandler
36%
6 Nicholas Cage
32%
4 Sandra Bullock
18%
9 Ben Stiller
17%
1 Eddie Murphy
17%
8 Denzel Washington
13%
5 Jack Black
13%
3 Reese Witherspoon
7%
2 Katherine Heigl
6%
No matching quizzes found
Score Distribution
Percent of People with Each Score
Percentile by Number Answered
Your Score History
You have not taken this quiz